00853nam a2200253 i 4500001000400000100003300004245014000037260004800177300002100225490002100246504003800267650002100305650002200326650002000348650001400368651002100382655001200403830002100415020000800436040000800444041000800452008004100460856009800501bgj1 aORWELL, Georged(1903-1950).10a1984 [nineteen eighty four] :ba novel /cby George Orwell ; with a special preface by Walter Cronkite and an afterword by Erich Fromm. aNew York :bNew American Library,cc. 1983. a268 pp ;c18 cm.1 aA signet classic aRevised and updated bibliography. 9aTotalitatiranism 9aPolitical fiction 9aScience fiction 9aDystopias 9aLondon (England) aFiction aA signet classic apbk cBPK0 aeng s uk f |000 0 eng  uhttp://koha.tu.koszalin.pl/cgi-bin/koha/opac-detail.pl?biblionumber=48051yKatalog online BPK